Evaluación de tareas y administración de remuneraciones (Registro nro. 2370)
[ vista simple ]
| 000 -LEADER | |
|---|---|
| fixed length control field | 01691 a2200217 4500 |
| 001 - CONTROL NUMBER | |
| control field | 33574 |
| 005 - DATE AND TIME OF LATEST TRANSACTION | |
| control field | 20260407155627.0 |
| 008 - FIXED-LENGTH DATA ELEMENTS--GENERAL INFORMATION | |
| fixed length control field | 260407a1973 arg spa d |
| 003 - CONTROL NUMBER IDENTIFIER | |
| control field | AR-UNSa-BCEJYS |
| 040 ## - CATALOGING SOURCE | |
| Original cataloging agency | AR-UNSa-BCEJYS |
| Language of cataloging | spa |
| Transcribing agency | AR-UNSa-BCEJYS |
| 080 ## - UNIVERSAL DECIMAL CLASSIFICATION NUMBER | |
| Universal Decimal Classification number | 658.312.5 |
| Common auxiliary subdivision | Evaluación de desempeño |
| 041 ## - LANGUAGE CODE | |
| Language code of text/sound track or separate title | spa |
| 100 1# - MAIN ENTRY--PERSONAL NAME | |
| Personal name | Maristany, Jaime |
| 245 10 - TITLE STATEMENT | |
| Title | Evaluación de tareas y administración de remuneraciones |
| 250 ## - EDITION STATEMENT | |
| Edition statement | 2a. ed. |
| 264 #1 - PRODUCTION, PUBLICATION, DISTRIBUTION, MANUFACTURE, AND COPYRIGHT NOTICE | |
| Place of production, publication, distribution, manufacture | Buenos Aires : |
| Name of producer, publisher, distributor, manufacturer | Ediciones Contabilidad Moderna |
| Date of production, publication, distribution, manufacture, or copyright notice | 1973 |
| 300 ## - PHYSICAL DESCRIPTION | |
| Extent | 397 p. |
| Dimensions | 23 cm. |
| 505 ## - FORMATTED CONTENTS NOTE | |
| Formatted contents note | Primera Parte: Evaluación de tareas. 1. La administración de personal - 2. La empresa y las remuneraciones - 3. Evaluación de tareas - 4. Procesos generales - 5. Sistema de jerarquización - 6. Sistema de clasificación - 7. Sistema de comparación por factores - 8. Sistema de clasificación por puntos - 9. Análisis y ponderación del manual - 10. Descripción, valoración y escala en el sistema de puntos - 11. Otros sistemas de evaluación - 12. Evaluación de puestos gerenciales - 13. La evaluación de tareas y los sindicatos -- Segunda Parte: Administración de remuneraciones. 1. Historia de la remuneración - 2. Teorias y conceptos de la remuneración - 3. Métodos para la fijación de la remuneración - 4. Criterios y elementos de la renumeración - 5. La remuneración a nivel nacional - 6. Remuneración por rendimiento - 7. Remuneración por rendimiento - 8. La participación del personal en los resultados - 9. Sistema de estructura de remuneraciones - 10. Administración de remuneraciones - 11. Beneficios - 12. Los sindicatos y la remuneración |
| 590 ## - LOCAL NOTE (RLIN) | |
| Local note | niveau_biblio:m niveau_hierar:0 |
| 942 ## - ADDED ENTRY ELEMENTS (KOHA) | |
| Koha item type | |
| Withdrawn status | Lost status | Damaged status | Not for loan | Home library | Current library | Shelving location | Date acquired | Total checkouts | Full call number | Barcode | Date last seen | Price effective from | Koha item type |
|---|---|---|---|---|---|---|---|---|---|---|---|---|---|
| Biblioteca Prof. Eusebio Cleto del Rey | Biblioteca Prof. Eusebio Cleto del Rey | 07/04/2026 | 658.312.5 M332e 2ed. | L28563 | 07/04/2026 | 07/04/2026 | Libro | ||||||
| Biblioteca Prof. Eusebio Cleto del Rey | Biblioteca Prof. Eusebio Cleto del Rey | 07/04/2026 | 658.312.5 M332e 2ed. | L53079 | 07/04/2026 | 07/04/2026 | Libro | ||||||
| Biblioteca Prof. Eusebio Cleto del Rey | Biblioteca Prof. Eusebio Cleto del Rey | 07/04/2026 | 658.312.5 M332e 2ed. | L53080 | 07/04/2026 | 07/04/2026 | Libro | ||||||
| Biblioteca Prof. Eusebio Cleto del Rey | Biblioteca Prof. Eusebio Cleto del Rey | 07/04/2026 | 658.312.5 M332e 2ed. | L33043 | 07/04/2026 | 07/04/2026 | Libro |